000 00514nam a2200193Ia 4500
005 20250508152757.0
008 008 250505s9999 xx 000 0 eng d
037 _aTextual
040 _aFEDL
_beng
_cFEDL
041 _aeng
_2eng
084 _a020, BRO
_qFEDL
100 _aBroadfield A.
_946196
245 0 _aPhilosophy of librarianship
260 _aLondon, UK
_bGrafton and Co.
_c1949
300 _a120p
650 _aLibrary science
942 _cTEXL
_h020, BRO
999 _c1338696
_d1338696